000 01046nas a2200313 4500
001 BR9604573
003 BR-BrBNA
005 20231205095810.0
007 ta
008 230509b bl.|||p| |||| 00| 00por d
040 _aBR-BrBNA
_bpor
_cBiblioteca Nacional de Agricultura
041 _a(Pt)
072 _aM12
100 1 _aSilva, J.W.B. e
100 1 _aNobre, M.I. da S.
100 1 _aPinheiro, F.A.
100 1 _aNonato Filho, R.
245 1 _aResultados de um experimento de policultivo da carpa espelho Cyprinus carpio L. 1758 vr. Specularis, com o hibrido de tilapias (Oreochromis hornorum Trew. X O. niloticus L. 1766)
650 _aCarpa Espelho
650 _aTilapia
650 _aHibrido
650 _aRacao
650 _aGanho de Peso
650 _aCrescimento
650 _aProdutividade
773 0 _tBoletim Tecnico - Departamento Nacional de Obras Contra as Secas (Brazil)
_xISSN 0374-6658
_g(1989-1994), v. 47-52(1-2) p. 185-205
_wBR9604573
909 _a202311
_bLúcia
_c55
_dLúcia Elande
942 _2AGRIS
_n0
_cANA
999 _c152779
_d152779